000 00591cam a22001932 4500
001 0000008699
005 20151021151115.0
008 080514s xx 000 0 eng d
020 _a1842270192 :
_cKES 650
040 _aKABU
_cKABU
100 1 _aOdonovan, Wilbur.
_@0000159384
245 1 0 _aBiblical christianity in modern Africa /
_cWilbur O'Donovan.
260 _aCarlisle, England :
_bPaternoster,
_c2000.
300 _a263 p.
650 0 _aChristianity.
_@0000148830
852 1 _9p250 KES
908 _a080514
950 _@1
999 _c759
_d759